| 000 | 00848nam a2200229 a 4500 | ||
|---|---|---|---|
| 999 |
_c11053 _d11053 |
||
| 001 | 11053 | ||
| 003 | BD-JhCC | ||
| 005 | 20190727160555.0 | ||
| 008 | 190627b19762017bg |||| ||a| 001 0 ben d | ||
| 020 | _a9789841107178 | ||
| 035 | _a(BD-JhCC)11053 | ||
| 040 |
_aBD-JhCC _dBD-JhCC |
||
| 041 | _aben | ||
| 082 |
_a297.09542 _bRAH 2017 |
||
| 100 | _aরহিম, ডক্টর মুহম্মদ আবদুর | ||
| 245 |
_aবাংলার মুসলমানদের ইতিহাস ১৭৫৭-১৯৪৭ / _cডক্টর মুহম্মদ আবদুর রহিম । |
||
| 260 |
_aঢাকাঃ _bআহমদ পাবলিশিং হাউস; _c২০১৭. |
||
| 300 |
_a২৭৮ পৃঃ . : _c২২ সেমি. |
||
| 651 |
_aMuslims _zBangladesh |
||
| 942 |
_2ddc _cBK |
||